LEADER 01584nam--2200457---450- 001 990001384710203316 005 20060119144616.0 035 $a000138471 035 $aUSA01000138471 035 $a(ALEPH)000138471USA01 035 $a000138471 100 $a20040202d1951----km-y0itay0103----ba 101 $aita 102 $aIT 105 $a||||||||001yy 200 1 $aLetterati memorialisti e viaggiatori del Settecento$ga cura di Ettore Bonora 210 $aMilano$cRicciardi$d1951 215 $aXI, 1144 p.$d23 cm 225 2 $a<> letteratura italiana/storia e testi$v47 327 1 $aCarlo Gastone Della Torre Di Rezzonico, Giornale del viaggio d'Inghilterra negli anni 1787-1788, P. 1001-1022. 410 0$12001$a<> letteratura italiana/storia e testi 454 1$12001 461 1$1001-------$12001 517 $aGiornale del viaggio d'Inghilterra negli anni 1787-1788 606 0 $aAutobiografie e memorie$yItalia$zSec.18 676 $a858.60808 702 1$aBONORA,$bEttore 702 1 $aDELLA TORRE DI REZZONICO,$bCarlo Gastone 801 0$aIT$bsalbc$gISBD 912 $a990001384710203316 951 $a858.60808 LET$b1488 DLAS(L197) 951 $aVI.3. Coll.23/ 66(V A coll. 12/47)$b2733 L.M.$cV A 959 $aBK 969 $aDLAS 969 $aUMA 979 $aDLAS$b10$c20040202$lUSA01$h1056 979 $aSIAV8$b10$c20040319$lUSA01$h1006 979 $aPATRY$b90$c20040406$lUSA01$h1738 979 $aCOPAT2$b90$c20060119$lUSA01$h1446 996 $aLetterati memorialisti e viaggiatori del Settecento$9132963 997 $aUNISA LEADER 01569nam--2200385---450- 001 990002077400203316 005 20091218122547.0 035 $a000207740 035 $aUSA01000207740 035 $a(ALEPH)000207740USA01 035 $a000207740 100 $a20041013d1981----km-y0itay0103----ba 101 0 $ager 102 $aDE 105 $a||||||||001yy 200 1 $a<> Organisation des Sparkassenwesens im Stadtverband Saarbrücken$erechtsfragen der Auflösung der Sparkassengemengelage im Stadtverband Saarbrücken als Folge der kommunalen Gebietsreform$fvon Joachim Burmeister und Dieter G. Bodenheim 210 $aKöln [etc.]$cC. Heymanns$d1981 215 $a181 p.$d21 cm 225 2 $aSchriftenreihe Annales Universitatis Saraviensis, Rechts- und wirtschaftswissenschaftliche Abteilung$v103 410 0$12001$aSchriftenreihe Annales Universitatis Saraviensis, Rechts- und wirtschaftswissenschaftliche Abteilung$v103 454 1$12001 461 1$1001-------$12001 606 0 $aCasse di risparmio$xDiritto tedesco$ySaarbrücken 676 $a332.1 700 1$aBURMEISTER,$bJoachim$0567262 701 1$aBODENHEIM,$bDieter G.$0567263 801 0$aIT$bsalbc$gISBD 912 $a990002077400203316 951 $aXXX.A. Coll. 69/ 87 (COLL. AFO 103)$b2221 E.C.$cXXX.A. Coll. 69/ 87 (COLL. AFO)$d00253500 959 $aBK 969 $aGIU 979 $aSIAV3$b10$c20041013$lUSA01$h1412 979 $aRSIAV3$b90$c20091218$lUSA01$h1225 996 $aOrganisation des Sparkassenwesens im Stadtverband Saarbrücken$91041955 997 $aUNISA